Cocaína drogas, el estado y la economía
Saved in:
| Format: | Book |
|---|---|
| Language: | Spanish |
| Published: |
Ciudad de México
Instituto de Investigaciones Culturales Latinoamericanas
1992
|
| Subjects: | |
| Tags: |
Add Tag
No Tags, Be the first to tag this record!
|
MARC
| LEADER | 00000nam a2200000 a 4500 | ||
|---|---|---|---|
| 001 | UCS2960 | ||
| 003 | CL-VaPUC | ||
| 008 | 970609e19920000MX |||||||||||||||||spa|d | ||
| 082 | 0 | 4 | |a 363.45 |b COC |2 21 |
| 245 | 1 | 0 | |a Cocaína drogas, el estado y la economía |
| 300 | |a 257 p | ||
| 942 | |c BK | ||
| 945 | |d 19970609 00:00:00 |a amoreno | ||
| 260 | |a Ciudad de México |b Instituto de Investigaciones Culturales Latinoamericanas |c 1992 | ||
| 650 | 0 | |a Tráfico de drogas |9 254839 | |
| 650 | 0 | |a Drogas |9 254877 | |
| 650 | 7 | |a COCAINA |2 CL-VaPUC |9 326326 | |
| 650 | 7 | |a PODER |2 CL-VaPUC |9 388867 | |
| 650 | 7 | |a NARCOTRAFICO |2 CL-VaPUC |9 375229 | |
| 650 | 0 | |a Terrorismo |9 255070 | |
| 650 | 0 | |a Políticas públicas |9 309677 | |
| 650 | 0 | |a Economía |9 255568 | |
| 651 | 0 | |a Venezuela |9 254993 | |
| 651 | 0 | |a Ecuador |9 258378 | |
| 651 | 7 | |a CHILE |2 CL-VaPUC |9 388868 | |
| 651 | 0 | |a Estados Unidos |9 255178 | |
| 583 | |a last modification |c 19970609 00:00:00 |k Rodrigo Vera | ||
| 999 | |c 260837 |d 260835 | ||
| 952 | |0 0 |1 0 |4 0 |6 363_450000000000000_COC_1992 |7 0 |8 A |9 287355 |a BIBHIS |b BIBHIS |d 2019-11-19 |i 331085K |l 1 |o 363.45 COC 1992 |p 331085K |r 2025-01-20 |s 2022-05-17 |w 2019-11-19 |y BK |k HIS | ||
| 952 | |0 0 |1 0 |4 0 |6 363_450000000000000_COC_1992 |7 0 |8 A |9 287356 |a BIBHIS |b BIBHIS |d 2019-11-19 |i 3310868 |o 363.45 COC 1992 |p 3310868 |r 2025-01-20 |w 2019-11-19 |y BK |k HIS | ||